Foundations of Popfly Rapid Mashup Development /

Author Eric Griffin shows you how to mix applications and share your hybrids with the world, using the Popfly Mashup Creator and Popfly Web Page Creator.

Bibliographic Details
Main Author: Griffin, Eric (Author)
Corporate Author: SpringerLink (Online service)
Format: Electronic eBook
Language:English
Published: Berkeley, CA : Apress, 2008.
Subjects:
Online Access:Full Text via HEAL-Link
LEADER 01812nam a22004215i 4500
001 978-1-4302-0568-5
003 DE-He213
005 20151204181350.0
007 cr nn 008mamaa
008 100301s2008 xxu| s |||| 0|eng d
020 |a 9781430205685  |9 978-1-4302-0568-5 
024 7 |a 10.1007/978-1-4302-0568-5  |2 doi 
040 |d GrThAP 
050 4 |a QA76.758 
072 7 |a UMZ  |2 bicssc 
072 7 |a UL  |2 bicssc 
072 7 |a COM051230  |2 bisacsh 
082 0 4 |a 005.1  |2 23 
100 1 |a Griffin, Eric.  |e author. 
245 1 0 |a Foundations of Popfly  |h [electronic resource] :  |b Rapid Mashup Development /  |c by Eric Griffin. 
264 1 |a Berkeley, CA :  |b Apress,  |c 2008. 
300 |a 194 p.  |b online resource. 
336 |a text  |b txt  |2 rdacontent 
337 |a computer  |b c  |2 rdamedia 
338 |a online resource  |b cr  |2 rdacarrier 
347 |a text file  |b PDF  |2 rda 
505 0 |a to Mashups -- Enter Popfly -- Creating Your First Mashup -- More Mashup Examples -- Creating Web Pages -- Sharing Your Popfly Mashup -- Extending Popfly with Blocks -- Getting Started with the Popfly Block SDK -- Creating Your First Block with Visual Web Developer -- Using the Popfly Block Creator. 
520 |a Author Eric Griffin shows you how to mix applications and share your hybrids with the world, using the Popfly Mashup Creator and Popfly Web Page Creator. 
650 0 |a Computer science. 
650 0 |a Software engineering. 
650 1 4 |a Computer Science. 
650 2 4 |a Software Engineering/Programming and Operating Systems. 
710 2 |a SpringerLink (Online service) 
773 0 |t Springer eBooks 
776 0 8 |i Printed edition:  |z 9781590599518 
856 4 0 |u http://dx.doi.org/10.1007/978-1-4302-0568-5  |z Full Text via HEAL-Link 
912 |a ZDB-2-CWD 
950 |a Professional and Applied Computing (Springer-12059)